000 00381nam a2200157Ia 4500
008 210716s1993 xx 000 0 und d
020 _a8120306732
041 _aeng
082 _a005.301 KRAI
100 _aKrakow, Ira.
245 _aLotus 123 self taught.
250 _a1
260 _aNew Delhi
_bPrentice Hall of India PVt Ltd
_c1993
300 _axx,475
650 _aNone
999 _c182682
_d182682